• 首页
  • 本馆介绍
  • 公告通知
  • 最新文献
  • 馆藏检索
  • 电子资源
  • 读者导购
  • 参考咨询
  • 我的图书馆
  • 登录
  • 详细信息显示
  • 放入我的书架
  • 预约/预借图书
  • 作者相关作品
  • 分类相关作品
  • 丛书相关作品
  • 出版社相关作品

书目信息

  • 表格格式
  • 工作单格式
  • 卡片格式
题名:
全球化和统观论的市场经济革命
    
 
作者: 马林韬 著
分册:  
出版信息: 北京   中国金融出版社  2009
页数: 214页
开本: 24cm
丛书名:
单 册:
中图分类: F014.3
科图分类:
主题词: 市场经济学--研究 , 市场经济学
电子资源:
ISBN: 978-7-5049-5170-0
000 00904nam0 2200241 45
001 1033091406
005 20100408155645.42
010    @a978-7-5049-5170-0@dCNY30.00
100    @a20100121d2009 em y0chiy50 ea
101 0  @achi
102    @aCN@b110000
105    @ay z 000yy
106    @ar
200 1  @a全球化和统观论的市场经济革命@AQuan Qiu Hua He Tong Guan Lun De Shi Chang Jing Ji Ge Ming@f马林韬著@FMa Lin Tao Zhu
210    @a北京@c中国金融出版社@d2009
215    @a214页@d24cm
330    @a本书内容包括:建立全球市场秩序的布雷顿森林体系、新自由主义的货币经济理论及其经济平衡体系、中国经济发展同样面临的问题、作为西方自由主义文化基础的是有财产权、统观经济学基础平衡的市场调节和经济社会的平衡发展等。
606 0  @a市场经济学@x研究
606 0  @a市场经济学
690    @aF014.3@v4
701  0 @a马林韬@AMa Lin Tao@4著
801  0 @aCN@bTANGWEI@c20100408
905    @b0588322-26@dF014.3@e377@f5
    
    全球化和统观论的市场经济革命/马林韬著.-北京:中国金融出版社,2009
    214页;24cm
    
    
    ISBN 978-7-5049-5170-0:CNY30.00
    本书内容包括:建立全球市场秩序的布雷顿森林体系、新自由主义的货币经济理论及其经济平衡体系、中国经济发展同样面临的问题、作为西方自由主义文化基础的是有财产权、统观经济学基础平衡的市场调节和经济社会的平衡发展等。
●
相关链接 在E读中查询图书 在五车中查询图书 在当当中查询图书 在豆瓣中查询图书


正题名:全球化和统观论的市场经济革命     索取号:F014.3/377         预约/预借

序号 登录号 条形码 馆藏地/架位号 状态 备注
1 0588322   205883221   第一样本阅览室/ [索取号:F014.3/377] 在馆    
2 0588323   205883230   第一借阅区/ [索取号:F014.3/377] 在馆    
3 0588324   205883249   第一借阅区/ [索取号:F014.3/377] 在馆    
4 0588325   205883258   第一借阅区/ [索取号:F014.3/377] 在馆    
5 0588326   205883267   第一借阅区/ [索取号:F014.3/377] 在馆    
唐山师范学院图书馆 欢迎您!
大连网信软件有限公司© 版权所有